| 000 | 00526nam a2200169Ia 4500 | ||
|---|---|---|---|
| 999 |
_c13365 _d13365 |
||
| 003 | OSt | ||
| 005 | 20201021131357.0 | ||
| 008 | 190216s9999||||xx |||||||||||||| ||und|| | ||
| 040 | _coclc | ||
| 082 |
_a823.91 _bDOY/C |
||
| 100 |
_aDoyle, Arthur Conan _94684 |
||
| 245 | 4 |
_aThe Complete Short Stories Of Shelock Holmes / _c Arthur Conan Doyal |
|
| 260 |
_bJaico Publishing House, _c1996. _aLondon: |
||
| 300 | _a762p | ||
| 650 | _aEnglish Short Stories | ||
| 942 |
_cBK _2ddc _h823.91 _iDOY/C _k823.91 _mDOY/C |
||